Central Library OPAC University of Rajshahi

In the fall / (Record no. 13562)

MARC details
000 -LEADER
fixed length control field 01052cam a2200337 a 4500
001 - CONTROL NUMBER
control field 13562
003 - CONTROL NUMBER IDENTIFIER
rucl marc code BD-RjUL
005 - DATE AND TIME OF LATEST TRANSACTION
control field 20211208235455.0
008 - FIXED-LENGTH DATA ELEMENTS--GENERAL INFORMATION
fixed length control field 140201m20012000nyu 000 1 eng
020 ## - INTERNATIONAL STANDARD BOOK NUMBER
International Standard Book Number 037570745X
035 ## - SYSTEM CONTROL NUMBER
System control number (BD-RjUL)13614
040 ## - CATALOGING SOURCE
Original cataloging agency DLC
Transcribing agency DLC
Modifying agency DLC
Language of cataloging eng
041 ## - LANGUAGE CODE
Language code of text/sound track or separate title eng
082 00 - DEWEY DECIMAL CLASSIFICATION NUMBER
Classification number 813.54
Edition number 21
Author mark and year LEI 2001
100 1# - MAIN ENTRY--PERSONAL NAME
Personal name Lent, Jeffrey.
9 (RLIN) 42383
245 10 - TITLE STATEMENT
Title In the fall /
Statement of responsibility, etc. Jeffrey Lent.
250 ## - EDITION STATEMENT
Edition statement 1st ed.
260 ## - PUBLICATION, DISTRIBUTION, ETC. (IMPRINT)
Place of publication, distribution, etc. New York :
Name of publisher, distributor, etc. Atlantic Monthly Press,
Date of publication, distribution, etc. 2001.
300 ## - PHYSICAL DESCRIPTION
Pagination 542 p. ;
Size 24 cm.
650 #0 - SUBJECT ADDED ENTRY--TOPICAL TERM
Topical term or geographic name as entry element African American women
Form subdivision Fiction.
9 (RLIN) 42384
Topical term or geographic name as entry element Racially mixed people
Form subdivision Fiction.
9 (RLIN) 42385
Topical term or geographic name as entry element Interracial marriage
Form subdivision Fiction.
9 (RLIN) 42386
Topical term or geographic name as entry element Race relations
Form subdivision Fiction.
9 (RLIN) 42387
651 #0 - SUBJECT ADDED ENTRY--GEOGRAPHIC NAME
Geographic name United States
General subdivision History
Chronological subdivision Civil War, 1861-1865
General subdivision Veterans
Form subdivision Fiction.
9 (RLIN) 42388
Geographic name Vermont
Form subdivision Fiction.
9 (RLIN) 42389
942 ## - ADDED ENTRY ELEMENTS (KOHA)
Source of classification or shelving scheme Dewey Decimal Classification
Koha item type Books
Holdings
Lost status Source of classification or shelving scheme Damaged status Not for loan Permanent Location Current Location Shelving location Date acquired Source of acquisition Cost, normal purchase price Total Checkouts Full call number Date last seen Copy number Koha item type
  Dewey Decimal Classification   Not For Loan Central Library, University of Rajshahi Central Library, University of Rajshahi Reading Room 26/10/2013 American Centre Library, Dhaka 14.95   813.54 LEI 2001 01/02/2014 C-1 Books